<?xml version="1.0" encoding="UTF-8"?>
<record
    xmlns:xsi="http://www.w3.org/2001/XMLSchema-instance"
    xsi:schemaLocation="http://www.loc.gov/MARC21/slim http://www.loc.gov/standards/marcxml/schema/MARC21slim.xsd"
    xmlns="http://www.loc.gov/MARC21/slim">

  <leader>00797nam a2200205 a 4500</leader>
  <controlfield tag="001">000030024</controlfield>
  <controlfield tag="005">20240409073642.0</controlfield>
  <controlfield tag="008">110428t1937    dr ac         000 0dspa d</controlfield>
  <datafield tag="040" ind1=" " ind2=" ">
    <subfield code="a">DO-SdBNP</subfield>
    <subfield code="b">spa</subfield>
    <subfield code="c">BNPHU</subfield>
  </datafield>
  <datafield tag="082" ind1=" " ind2=" ">
    <subfield code="a">F-RD 37</subfield>
  </datafield>
  <datafield tag="100" ind1="1" ind2=" ">
    <subfield code="a">Henr&#xED;quez, Homero</subfield>
    <subfield code="9">10292</subfield>
  </datafield>
  <datafield tag="245" ind1="1" ind2="0">
    <subfield code="a">Recorrido de los universitarios con el honorable presidente Trujillo /</subfield>
    <subfield code="c">Homero Henr&#xED;quez.</subfield>
  </datafield>
  <datafield tag="260" ind1=" " ind2=" ">
    <subfield code="a">Ciudad Trujillo, Rep&#xFA;blica Dominicana :</subfield>
    <subfield code="b">List&#xED;n Diario,</subfield>
    <subfield code="c">[1937?].</subfield>
  </datafield>
  <datafield tag="300" ind1=" " ind2=" ">
    <subfield code="a">25 p. :</subfield>
    <subfield code="b">il., retr. ;</subfield>
    <subfield code="c">24 cm.</subfield>
  </datafield>
  <datafield tag="600" ind1="1" ind2="0">
    <subfield code="a">Trujillo Molina, Rafael Le&#xF3;nidas,</subfield>
    <subfield code="d"> 1891-1961</subfield>
    <subfield code="9">76764</subfield>
  </datafield>
  <datafield tag="650" ind1=" " ind2="4">
    <subfield code="a">Actividad pol&#xED;tica estudiantil</subfield>
    <subfield code="z">Rep&#xFA;blica Dominicana</subfield>
    <subfield code="x">Historia</subfield>
    <subfield code="9">55207</subfield>
  </datafield>
  <datafield tag="650" ind1=" " ind2="4">
    <subfield code="a">Universidades</subfield>
    <subfield code="z">Rep&#xFA;blica Dominicana</subfield>
    <subfield code="x">Historia</subfield>
    <subfield code="9">7145</subfield>
  </datafield>
  <datafield tag="910" ind1=" " ind2=" ">
    <subfield code="a">Validado. Control de calidad EMS.</subfield>
  </datafield>
  <datafield tag="049" ind1=" " ind2=" ">
    <subfield code="a">BNPD</subfield>
  </datafield>
  <datafield tag="952" ind1=" " ind2=" ">
    <subfield code="0">0</subfield>
    <subfield code="1">0</subfield>
    <subfield code="5">0</subfield>
    <subfield code="7">1</subfield>
    <subfield code="8">RV</subfield>
    <subfield code="a">PD</subfield>
    <subfield code="b">PD</subfield>
    <subfield code="c">HD</subfield>
    <subfield code="d">2011-06-10</subfield>
    <subfield code="i">LF1</subfield>
    <subfield code="l">0</subfield>
    <subfield code="o">F-RD 37</subfield>
    <subfield code="p">30024-20</subfield>
    <subfield code="r">2020-06-25</subfield>
    <subfield code="w">2020-06-25</subfield>
    <subfield code="y">1</subfield>
    <subfield code="z">Perteneci&#xF3; a la biblioteca personal de Carlos Larraz&#xE1;bal Blanco.</subfield>
    <subfield code="Z">No se presta</subfield>
  </datafield>
  <datafield tag="999" ind1=" " ind2=" ">
    <subfield code="c">29516</subfield>
    <subfield code="d">29516</subfield>
  </datafield>
</record>
